000 00314nam a22001337a 4500
008 170816b xxu||||| |||| 00| 0 eng d
020 _a9780321112507
041 _aeng
080 _27TH
_a51
100 _a36
101 _aMAT
245 _aA SURVEY OF MATHEMATICS WITH APPLICATIONS
_cANGEL,A.R
942 _2udc
_cBK
999 _c23770
_d23770